00466nam a2200181 a 4500001001300000003000900013005001700022008004100039020000800080082001300088100002300101245004100124260004200165300000900207500003500216505001000251700002300261nice12345678IN_TiNIC20260116011432.0050524s1958 newa grp 000 0 eng  ac000a150bCAR aCartwright, Dorwin aGroup Dynamicsb Research and Theory aNew YorkbRow Peterson and Co.,c1958 a642p aincludes index and biblioraphy2 aindex1 aCartwright, Dorwin